Richest First-Level Administrative Districts - Statistics

General Stats
  • This quiz has been taken 18 times
  • The average score is 10 of 15
Answer Stats
Country GDP (Billions USD) Answer % Correct
๐Ÿ‡บ๐Ÿ‡ฒ United States 2,297.03 New York
100%
๐Ÿ‡บ๐Ÿ‡ฒ United States 4,103.12 California
94%
๐Ÿ‡บ๐Ÿ‡ฒ United States 2,709.39 Texas
94%
๐Ÿ‡บ๐Ÿ‡ฒ United States 1,705.57 Florida
88%
๐Ÿ‡ฏ๐Ÿ‡ต Japan 1,027.00 Tokyo
88%
๐Ÿ‡ฌ๐Ÿ‡ง United Kingdom 2,897.55 England
75%
๐Ÿ‡บ๐Ÿ‡ฒ United States 1,137.24 Illinois
75%
๐Ÿ‡จ๐Ÿ‡ณ China 1,988.83 Guangdong
63%
๐Ÿ‡ซ๐Ÿ‡ท France 1008.00 รŽle-de-France
63%
๐Ÿ‡ฉ๐Ÿ‡ช Germany 1022.00 North Rhine-Westphalia
56%
๐Ÿ‡บ๐Ÿ‡ฒ United States 1,024.21 Pennsylvania
56%
๐Ÿ‡บ๐Ÿ‡ฒ United States 927.74 Ohio
50%
๐Ÿ‡จ๐Ÿ‡ณ China 1,923.81 Jiangsu
25%
๐Ÿ‡จ๐Ÿ‡ณ China 1,384.02 Shandong
25%
๐Ÿ‡จ๐Ÿ‡ณ China 1,265.58 Zhejiang
25%
No matching quizzes found
Score Distribution
Percent of People with Each Score
Percentile by Number Answered
Your Score History
You have not taken this quiz